Symbióza ekonómie a politiky. Zhovárame sa s prof. Ing. Rudolfom Filkusom.

Názory prof. Filkusa na ekonomické vzťahy so Sýriou, politické a ekonomické aspekty konverzie, možnosti získania zahraničného kapitálu a význam Najvyššieho kontrolného úradu pre slovenskú ekonomiku, ktorý chápe ako nezávislú kontrolnú inštitúciu sledujúcu vynakladanie štátnych rozpočtových prostried...

ver descrição completa

Na minha lista:
Detalhes bibliográficos
Autor principal: Filkus, J.
Outros Autores: Kerná, I.
Formato: Capítulo de Livro
Idioma:eslovaco
Assuntos:
Tags: Adicionar Tag
Sem tags, seja o primeiro a adicionar uma tag!

MARC

LEADER 00000naa a2200000 4500
001 r011542
005 20221214064934.7
041 0 |a slo 
044 |a SK 
245 1 0 |a Symbióza ekonómie a politiky.  |b Zhovárame sa s prof. Ing. Rudolfom Filkusom.  |c J. Filkus, I. Kerná 
520 |a Názory prof. Filkusa na ekonomické vzťahy so Sýriou, politické a ekonomické aspekty konverzie, možnosti získania zahraničného kapitálu a význam Najvyššieho kontrolného úradu pre slovenskú ekonomiku, ktorý chápe ako nezávislú kontrolnú inštitúciu sledujúcu vynakladanie štátnych rozpočtových prostriedkov. 
610 2 0 |a politika 
610 2 0 |a politika hospodárska 
610 2 0 |a Slovensko 
100 1 |a Filkus, J. 
700 1 |a Kerná, I.